000 00243nam a2200097Ia 4500
001 1203992
005 20250827022719.0
008 250824s9999 xx 000 0 und d
245 0 _aBUNU AKLINIZ ALIYOR MU
_cSUE LİMB
260 _bALTIN KİTAPLAR
999 _c1203992
_d1203992